|
|
|
|
| LEADER |
00000nam0a2200000 4500 |
| 001 |
88183 |
| 005 |
20231101213603.0 |
| 010 |
|
|
|a 5874442219
|b 1000 экз.
|
| 010 |
|
|
|a 5-901464-07-9
|
| 021 |
|
|
|a RU
|b 05-31925
|9 05-1596
|
| 035 |
|
|
|a (RuTPU)RU\TPU\book\94663
|
| 090 |
|
|
|a 88183
|
| 100 |
|
|
|a 20051222d2005 km y0rusy5002 ca
|
| 101 |
1 |
|
|a rus
|c eng
|
| 102 |
|
|
|a RU
|
| 105 |
|
|
|a y z 001zy
|
| 200 |
1 |
|
|a Социальная мобильность
|e пер. с англ.
|f П. А. Сорокин
|
| 210 |
|
|
|a Москва
|c Academia
|c LVS
|d 2005
|
| 215 |
|
|
|a 588 с.
|
| 320 |
|
|
|a Указатель имен: с. 579-588
|
| 320 |
|
|
|a Библиография в примечаниях: с. 505-578
|
| 606 |
1 |
|
|a Социальная структура
|2 stltpush
|3 (RuTPU)RU\TPU\subj\37874
|9 58645
|
| 610 |
1 |
|
|a социология
|
| 610 |
1 |
|
|a социальная мобильность
|
| 610 |
1 |
|
|a социальная стратификация
|
| 610 |
1 |
|
|a общество
|
| 610 |
1 |
|
|a социальные группы
|
| 610 |
1 |
|
|a экономическая стратификация
|
| 610 |
1 |
|
|a теория
|
| 610 |
1 |
|
|a история
|
| 610 |
1 |
|
|a политическая стратификация
|
| 610 |
1 |
|
|a профессиональная стратификация
|
| 610 |
1 |
|
|a социальные слои
|
| 610 |
1 |
|
|a вертикальная циркуляция
|
| 610 |
1 |
|
|a население
|
| 610 |
1 |
|
|a физические отличия
|
| 610 |
1 |
|
|a продолжительность жизни
|
| 610 |
1 |
|
|a здоровье
|
| 610 |
1 |
|
|a интеллект
|
| 610 |
1 |
|
|a наследственность
|
| 610 |
1 |
|
|a отбор
|
| 610 |
1 |
|
|a адаптация
|
| 610 |
1 |
|
|a мобильное общество
|
| 686 |
|
|
|a С55.32
|v LBC/SL-A
|2 rubbk
|
| 700 |
|
1 |
|a Сорокин
|b П. А.
|g Питирим Александрович
|
| 801 |
|
0 |
|a RU
|b RKP
|c 20050624
|g PSBO
|
| 801 |
|
1 |
|a RU
|b 63413507
|c 20051222
|g PSBO
|
| 801 |
|
2 |
|a RU
|b 63413507
|c 20140425
|g PSBO
|
| 942 |
|
|
|c BK
|